header

The harmony of goodness : (Record no. 118408)

MARC details
000 -LEADER
fixed length control field 01882nam a22004091i 4500
001 - CONTROL NUMBER
control field ebr10756360
003 - CONTROL NUMBER IDENTIFIER
control field CaPaEBR
006 - FIXED-LENGTH DATA ELEMENTS--ADDITIONAL MATERIAL CHARACTERISTICS--GENERAL INFORMATION
fixed length control field m o d
007 - PHYSICAL DESCRIPTION FIXED FIELD--GENERAL INFORMATION
fixed length control field cr cn|||||||||
008 - FIXED-LENGTH DATA ELEMENTS--GENERAL INFORMATION
fixed length control field 120521s2012 nyu ob 001 0 eng d
020 ## - INTERNATIONAL STANDARD BOOK NUMBER
Cancelled/invalid ISBN 1576593363 (alk. paper)
Cancelled/invalid ISBN 1576593525
Cancelled/invalid ISBN 9781576593363 (alk. paper)
International Standard Book Number 9781576593523 (e-book)
040 ## - CATALOGING SOURCE
Original cataloging agency CaPaEBR
Language of cataloging eng
Description conventions rda
-- pn
Transcribing agency CaPaEBR
035 ## - SYSTEM CONTROL NUMBER
System control number (OCoLC)861528417
050 14 - LIBRARY OF CONGRESS CALL NUMBER
Classification number B765.D74
Item number I55 2012eb
082 04 - DEWEY DECIMAL CLASSIFICATION NUMBER
Classification number 171/.2092
Edition number 23
100 1# - MAIN ENTRY--PERSONAL NAME
Personal name Ingham, Mary Beth,
Dates associated with a name 1951-
245 14 - TITLE STATEMENT
Title The harmony of goodness :
Remainder of title mutuality and moral living according to John Duns Scotus /
Statement of responsibility, etc Mary Beth Ingham.
250 ## - EDITION STATEMENT
Edition statement New edition.
264 #1 - PRODUCTION, PUBLICATION, DISTRIBUTION, MANUFACTURE, AND COPYRIGHT NOTICE
Place of production, publication, distribution, manufacture St. Bonaventure, New York :
Name of producer, publisher, distributor, manufacturer Franciscan Institute Publications,
Date of production, publication, distribution, manufacture, or copyright notice 2012.
300 ## - PHYSICAL DESCRIPTION
Extent 1 online resource (240 pages)
336 ## - CONTENT TYPE
Content type term text
Source rdacontent
337 ## - MEDIA TYPE
Media type term computer
Source rdamedia
338 ## - CARRIER TYPE
Carrier type term online resource
Source rdacarrier
504 ## - BIBLIOGRAPHY, ETC. NOTE
Bibliography, etc Includes bibliographical references (pages 225-231) and indexes.
588 ## - SOURCE OF DESCRIPTION NOTE
Source of description note Description based on print version record.
590 ## - LOCAL NOTE (RLIN)
Local note Electronic reproduction. Palo Alto, Calif. : ebrary, 2013. Available via World Wide Web. Access may be limited to ebrary affiliated libraries.
600 10 - SUBJECT ADDED ENTRY--PERSONAL NAME
Personal name Duns Scotus, John,
Dates associated with a name approximately 1266-1308
General subdivision Ethics.
650 #0 - SUBJECT ADDED ENTRY--TOPICAL TERM
Topical term or geographic name as entry element Christian ethics
General subdivision History
Chronological subdivision Middle Ages, 600-1500.
Topical term or geographic name as entry element Ethics, Medieval.
655 #0 - INDEX TERM--GENRE/FORM
Genre/form data or focus term Electronic books.
776 08 - ADDITIONAL PHYSICAL FORM ENTRY
Display text Print version:
Main entry heading Ingham, Mary Beth.
Title Harmony of goodness : mutuality and moral living according to John Duns Scotus.
Place, publisher, and date of publication St. Bonaventure, New York : Franciscan Institute Publications, 2012
Physical description 237 pages ; 23 cm.
International Standard Book Number 9781576593363
Record control number (OCoLC)794306381
-- (DLC) 2012016204
797 2# - LOCAL ADDED ENTRY--CORPORATE NAME (RLIN)
Corporate name or jurisdiction name as entry element ebrary.
856 40 - ELECTRONIC LOCATION AND ACCESS
Uniform Resource Identifier <a href="http://site.ebrary.com/lib/rucke/Doc?id=10756360">http://site.ebrary.com/lib/rucke/Doc?id=10756360</a>
Public note An electronic book accessible through the World Wide Web; click to view

No items available.

© 2026 Rongo University
Contact us: librarian | system librarian | Rongo university